| 000 | 00928nam0a22002771 4500 | ||
|---|---|---|---|
| 001 | rc\284747 | ||
| 005 | 20250621020542.0 | ||
| 010 |
_a5-06-000217-9 _975000 |
||
| 035 | _a(NLR Aleph) 005514749 | ||
| 090 |
_a5444735 _c5444735 |
||
| 100 | _a20030307d1990 |||y0rusy50 ca | ||
| 101 | 0 | _arus | |
| 102 | _aRU | ||
| 105 | _aa ||||||||| | ||
| 200 | 1 |
_aАнглийский без ошибок _e[Учеб. пособие для ин-тов и фак. иностр. яз.] |
|
| 205 | _a2-е изд., испр. | ||
| 210 |
_aМ. _cВысш. школа _d1990 |
||
| 215 |
_a220, [2] с. _cил. _d20 |
||
| 300 | _aОбл.: англ.: Correct English for Everyday Use / T.I. Arbekova | ||
| 512 | 0 | _aангл.: Correct English for Everyday Use | |
| 700 | 1 |
_aАрбекова _bТ.И. _gТатьяна Ивановна |
|
| 801 | 0 |
_aRU _bNLR _gpsbo |
|
| 801 | 1 |
_aRU _bELAR _2rusmarc |
|
| 852 |
_aNLR _j89-3/16295 |
||
| 942 | _cBOOK | ||
| 980 | _aNB | ||